000 01745nam a2200349Ia 4500
001 ebr10055021
003 CaPaEBR
006 m u
007 cr cn|||||||||
008 931220s1994 dcua sb 001 0 eng d
010 _z 93050549
020 _z030904992X (v. 1)
040 _aCaPaEBR
_cCaPaEBR
035 _a(OCoLC)60365354
050 1 4 _aR853.H8
_bW66 v.1 1994eb
082 0 4 _a174/.28
_220
245 0 0 _aWomen and health research
_h[electronic resource] :
_bethical and legal issues of including women in clinical studies.
_nVolume I /
_cAnna C. Mastroianni, Ruth Faden, and Daniel Federman, editors ; Committee on the Ethical and Legal Issues Relating to the Inclusion of Women in Clinical Studies, Division of Health Sciences Policy, Institute of Medicine.
260 _aWashington, D.C. :
_bNational Academy Press,
_c1994.
300 _axiv, 271 p. :
_bill.
504 _aIncludes bibliographical references and index.
533 _aElectronic reproduction.
_bPalo Alto, Calif. :
_cebrary,
_d2011.
_nAvailable via World Wide Web.
_nAccess may be limited to ebrary affiliated libraries.
610 1 0 _aUnited States.
_tNational Institutes of Health Revitalization Act of 1993.
650 0 _aWomen
_xHealth and hygiene
_xResearch
_xMoral and ethical aspects.
650 0 _aHuman experimentation in medicine
_xMoral and ethical aspects.
650 0 _aHuman experimentation in medicine
_xLaw and legislation.
655 7 _aElectronic books.
_2local
700 1 _aMastroianni, Anna C.
700 1 _aFaden, Ruth R.
700 1 _aFederman, Daniel D.,
_d1928-
710 2 _aebrary, Inc.
856 4 0 _uhttp://site.ebrary.com/lib/rucke/Doc?id=10055021
_zAn electronic book accessible through the World Wide Web; click to view
999 _c177456
_d177456